000 00848nam a22002177a 4500
999 _c193800
_d193800
005 20230321101808.0
010 _aB-746985-992 E.N.A./7.11.22
020 _a9788194671923
_c590.00
035 _aB-746985-992
037 _bSultan Chand & Sons
082 _a480
100 _aPal, Rajendra
245 _aEnglish grammar and composition /
_h
_cRajender Pal, Prem Lata Suri, Snigdha Budhiraja
260 _aNew Delhi
_bSultan Chand & Sons
_c2022
270 _a4859/24, Darya Ganj
_b New Delhi
_e110002
300 _a480p.
_c28cm(pbk)
700 _aSuri, Prem Lata
700 _aBuhiraja, Snigdha
942 _2ddc
_cEN
_mPAL
_h480